000
00229nam a22000857a 4500
008
170209b xxu||||| |||| 00| 0 eng d
100
_9
2826
_a
Beryer.R
245
_a
The Greast Stories Never Told
260
_a
New york
_b
Reader Digest
_c
2008
999
_c
6044
_d
6044